00623nam a22002297a 4500003000500000005001700005008004100022010001000063011001000073035001000083040000900093082001400102100002200116245004200138260004200180300002000222490003700242650001100279650002400290650004200314830003700356CHAP20220329141651.0971013s1980 r 00010 d a71902 a72874 a82430 cCHAP a589.3bG300aGantt, Elisabeth. aDevelopmental and cytological methods aLondon :bCambridge University,c1980 a425 p.b: ilus. aHandbook of phycological methods14aAlgas.14aAlgasxCitología.14aCitología e histología vegetales.0 aHandbook of phycological methods